000 00605nmm a2200181Ia 4500
008 251105s9999||||xx |||||||||||||||||und||
041 _aspa
100 _aMascaraque Muñoz, Jesús
245 0 _aEconomía :
_b 1º Bachillerato
264 _a[Madrid, España] :
_bMinisterio de Educación, Cultura y Deporte de España,
_c2010
300 _a292 páginas
490 _aBachillerato a distancia
650 _aTeen & Young Adult Non Fiction
700 _aMascaraque Muñoz, Jesús
700 1 _a Munaiz Aparicio, José María
856 _uhttps://public.digitaliapublishing.com/a/14754
942 _cCF
999 _c68586
_d68586